Cure: (Record no. 326061)

MARC details
000 -LEADER
fixed length control field 00498nam a2200157Ia 4500
008 - FIXED-LENGTH DATA ELEMENTS--GENERAL INFORMATION
fixed length control field 230718s9999 xx 000 0 und d
041 ## - LANGUAGE CODE
Language code of text/sound track or separate title eng
082 ## - DEWEY DECIMAL CLASSIFICATION NUMBER
Classification number 362.196'748
Item number ANA
100 ## - MAIN ENTRY--PERSONAL NAME
Personal name Anand G.
9 (RLIN) 174556
245 ## - TITLE STATEMENT
Title Cure:
Remainder of title How A Father Raised
-- 100 Million And Bucked The Medical Establishment In A Quest To Save His Children
260 ## - PUBLICATION, DISTRIBUTION, ETC. (IMPRINT)
Date of publication, distribution, etc. 2010
Name of publisher, distributor, etc. Harper
300 ## - PHYSICAL DESCRIPTION
Extent 341
365 ## - TRADE PRICE
Currency code Rs.
Price amount 491.00
700 ## - ADDED ENTRY--PERSONAL NAME
Personal name Anand G.
9 (RLIN) 174556
906 ## - LOCAL DATA ELEMENT F, LDF (RLIN)
d O:0118619-Oct-2010B:559629-Oct-2010
c COMP
b 122.75
Holdings
Withdrawn status Lost status Damaged status Not for loan Home library Current library Date acquired Vendor Budget Code Cost, normal purchase price Bill number Total Checkouts Full call number Barcode Date last seen Discount Cost, replacement price Bill Date Koha item type Original Barcode
        Cummins College of Engineering for Women Pune Cummins College of Engineering for Women Pune 19/10/2010 Tbs COMP 368.25 5596   362.196'748 CCEP-BK-37268 18/07/2023 122.75 491.00 29/10/2010 Books 037268